MDQL
is popping MORE tags! Check the
thread
!
Quizzes
Events
Quiz Creation
Community
Videos
Private Events
Remove Ads
Sign In
Join for FREE
Feedback
Dark Mode
Quiz Categories
Sports
Geography
Music
Movies
Television
Just For Fun
Miscellaneous
History
Literature
Language
Science
Gaming
Entertainment
Religion
Holiday
For Kids
Quiz Lab
Recent
Popular Today
Quiz Kudos Today
Editor Picks
Curator Picks
Quizzes by...
Day
Popularity
Type
Ratings
Length
Year
Community
Subscriptions
Recent Discussions
Orange Saloon
Badges
Playlists
Quests
Create
Leaderboards
Showdown
Live 5
Trivia Bingo
Activity
Puzzle Library
Sporcle Events
Private Events
Virtual Trivia
Globe League
Become a Host
Pub Owners
SporcleCon
Opinionation
Our Games
Videos
Blog
Mobile Apps
Partnerships
Remove Ads and Go Orange
Feedback
Language
Vocabulary
Begins and Ends
Definition
Spanish
French
German
Italian
Chinese
Latin
Translation
Japanese
Language
Vocabulary
Begins and Ends
Definition
Spanish
French
German
Italian
Chinese
Latin
Translation
Japanese
Random Quiz
Search Sporcle
×
Quiz Lab
Quiz Lab
Language
double
Type in answers that appear in a list
Type in answers that appear in a list
Classic
Best Score? Go Orange.
Four Letter wOOrds Stats
Can you name the four letter words with two o's in the middle?
By
tobley
4m
62 Questions
192 Plays
192 Plays
192 Plays
Comments
Comments
Give Quiz Kudos
Give Quiz Kudos
-
- Ratings
hide this ad
Replay
Link that replays current quiz
Next Quiz
Link to next quiz in quiz playlist
You Got
0%
They Got
Avg Score
68%
Avg Friend Score
Upgrade to see
Score Distribution
Jump to the score distribution portion of the page
Score
0/62
Timer
04:00
0
Plays Today
% Correct
cool
90.6%
book
88.5%
boon
88.5%
boot
87%
boom
86.5%
coon
86.5%
coot
85.4%
boor
84.4%
coop
82.3%
boos
81.8%
cook
81.8%
moon
81.3%
coos
80.2%
fool
80.2%
good
80.2%
goon
79.2%
food
78.6%
moot
77.6%
foot
76.6%
pool
76.6%
boob
75%
loon
75%
moor
75%
loom
74.5%
doom
74%
hood
73.4%
loot
73.4%
look
72.9%
door
70.8%
hook
70.8%
loop
70.8%
% Correct
moos
70.8%
hoot
70.3%
soot
70.3%
root
69.3%
room
68.2%
soon
67.7%
hoop
67.2%
mood
66.1%
goof
64.6%
wood
64.1%
poor
63.5%
tool
63.5%
hoof
62.5%
goop
62%
noon
62%
rook
61.5%
took
59.9%
poop
59.4%
toot
59.4%
toon
58.9%
nook
58.3%
wool
57.3%
goos
55.7%
roof
45.3%
zoom
44.8%
poof
43.2%
woof
42.2%
woos
41.7%
pooh
39.6%
zoos
39.1%
kook
37.5%
Quiz Playlist
Details
Report
Send in Message
Add To Playlist
Classic:
Type in answers that appear in a list
Last Updated: Feb 16, 2017
Quiz Scoreboard
CHALLENGE
Sign Up to Join the Scoreboard
Show All
Scores
Hide
Comments
May contain spoilers
Recently Published
1-10 Letter E Words III
by El_Dandy
Language
2m
Street Fighter Characters
by Artimus82
Gaming
60s
College Basketball Coaching Resumes
by pancakes188
Sports
9m
More to Explore
Quiz From the Vault
Featured Blog Post
Where Did the Easter Bunny Come From?
hide this ad
You Might Also Like...
Tags
4-letter
double
Double Letter
middle
Today's Top Quizzes in Language
Browse Language
hide this ad
Today's Top Quizzes in double
Browse double
Top Contributed Quizzes in Language
1
1-10 Letter F Words III
2
1-10 Letter G Words III
3
1-10 Letter H Words III
4
Celtic Nations in their Language
5
1-10 Letter I Words III
6
Alphabetize! : 'As' words
7
One Thing in Common: Italy
8
1-10 Letter J Words III
9
Order Up: Top 10 Most Native Spoken Languages
10
1-10 Letter K Words III
Explore More
Trending Topics
NBA
Crossword
Marvel
Harry Potter
Kpop
Anime
Disney
The Office
WWE
Country
Soccer
Pokémon
Song
NFL
Puzzle
hide this ad
More By:
tobley
Quiz
Plays
Rating
Category
Featured
Created
Memory Minefield
171,484
3.52
Just For Fun
Oct 5, 2011
Beginnings and Ends
134,179
4.55
Language
Jul 18, 2010
Three Letter Simpsons
126,271
4.16
Television
Aug 30, 2010
Repeated Letter States
92,992
4.47
Geography
Nov 16, 2011
Presidents by Term
89,364
4.58
History
Oct 15, 2011
Go to Creator's Profile
Score Distribution
Quiz Creator Spotlight
tobley
Follow
Send a Message
Quizzes Created
-
Created Quiz Play Count
-
More By This Creator
Popular Quizzes Today
1
Find the US States - No Outlines Minefield
2
Find the Countries of Europe - No Outlines Minefield
3
Find the US States
4
The Countries of the World
5
Risky Map Clicking: Biggest States A-Z
6
US States
7
Popular People in 1961
8
Movies - When Are They Set?
More Language Quizzes
Greek or Latin?
Published
Trending Quizzes
Risky Map Clicking: Least Populous States A-Z
1-10 Letter G Words
1-10 Letter F Words
Countries of the World: 200 Million BC
Risky Map Clicking: Next State Alphabetically
Recently Updated
Rides in Walt Disney World
pecheneg
Most Oscar Losses (Acting)
pecheneg
Beyoncé Albums
pecheneg
Leaping Animals
pecheneg
Reality TV Shows (A-Z)
bhenderson79
Rickey Henderson's Hall of Fame Teammates
pecheneg
Champions League XIs: Arsenal
pecheneg
Quick Pick: Celebrities in WWE's Hall of Fame
aduchscher
A-Z Keypad Blitz II
pecheneg
Trending Topics
Kpop
Anime
Crossword
NBA
Disney
Marvel
Harry Potter
WWE
The Office
Puzzle
Pokémon
NFL
Song
Country
Soccer
Your Account Isn't Verified!
In order to create a playlist on Sporcle, you need to verify the email address you used during registration. Go to your
Sporcle Settings
to finish the process.
Report this User
Report this user for behavior that violates our
Community Guidelines
.
Details:
Send Report
Go to the Sporcle.com Mobile Site →
Comments